000 01416nam a22003737a 4500
003 CHAP
005 20220329140842.0
008 971013s1995 r 00010 d
010 _a58659
011 _a59631
035 _a63791
040 _cCHAP
090 _aTesis
100 0 0 _aGudiño García, Flavio Andrés.
_951087
245 _aEfecto de coberturas verdes y muertas sobre el control de malezas en los cultivos de maíz (Zea mays L.) y frijol (Phaseolus vulgaris L.) en rotación bajo 2 sistemas de labranza
260 _aChapingo, Méx. :
_bEl autor,
_c1995
300 _a131 h.
502 _aTesis (M.C. en Protección Vegetal) -- UACH. Departamento de Parasitología Agrícola
590 _aALEPH
_b10
_c20130110
_lUCH01
_h1337
590 _aBATCH-UPD
_b10
_c20130110
_lUCH01
_h0704
590 _aBATCH-UPD
_b10
_c20130410
_lUCH01
_h0350
590 _aBATCH-UPD
_b10
_c20130914
_lUCH01
_h1133
590 _aCONVERSION
_b10
_c20130109
_lUCH01
_h1331
650 1 4 _aCultivos de cobertura.
_930371
650 1 4 _aFrijol
_xMalas hierbas
_xControl.
_943402
650 1 4 _aLabranza.
_964303
650 1 4 _aMaíz
_xMalas hierbas
_xControl.
_971003
650 1 4 _aRotación de cultivos.
_9100243
901 _aBK
942 _cFOLL
949 _bBC
_cTES
_d-137567
_eTS1
_h28598
_i63791
_si
949 _bBC
_cTES
_d33724000079281
_eTS2
_fc.2
_h28599
_i63791
_si
949 _bBC
_cTES
_d33724000634440
_eTS2
_fc.3
_h31109
_i63791
_si
999 _c58659
_d58659